Μνήμες και φαντάσματα : ποιήματα

Αποθηκεύτηκε σε:
Λεπτομέρειες βιβλιογραφικής εγγραφής
Κύριος συγγραφέας: Ντάκα, Τσαμπίκα
Μορφή: Βιβλίο
Γλώσσα:Greek
Δημοσίευση: Ρόδος : Βερέττας, 2016.
Θέματα:
Ετικέτες: Προσθήκη ετικέτας
Δεν υπάρχουν, Καταχωρήστε ετικέτα πρώτοι!

MARC

LEADER 00000cam a2200000 a 4500
001 1/117750
008 190107s2016####gr | ||| |||| ||gre||
020 |a 9786185103385 
040 |a GR-MyUa  |b gre  |c GR-MyUa  |e AACR2 
041 0 |a gre 
082 7 |a 889.4   |2 (23) 
100 1 |a Ντάκα, Τσαμπίκα. 
245 1 0 |a Μνήμες και φαντάσματα :   |b ποιήματα /   |c Μίκα Ντάκα.  
260 |a Ρόδος :   |b Βερέττας,   |c 2016.  
300 |a 69 σ. ;   |c 21 εκ.  
650 0 |a Greek poetry, Modern  |y 21st century. 
650 0 |a Greek literature, Modern  |y 21st century. 
852 |a INST  |b RHODES  |e 20190107  |h 889.4 ΝΤΑ  |p 005400040373  |q 005400040373  |t BK  |y 0 
970 |z 07-01-2019